000 01601cam a22004454i 4500
003 PE-LiUPU
005 20250731172830.0
008 150720s1972 ag a r 000 0 spa d
035 _a(Sirsi) a153503
040 _aPE-LiUPU
_bspa
_cPE-LiUPU
_erda
049 _aPRUA
082 0 4 _a268.8673
_bW58
100 1 _aWill, Stanley S.,
_eautor.
245 1 0 _aEnseñemos :
_bun libro texto para enseñar con más eficiencia en la escuela sabática /
_cStanley S. Will.
250 _aSegunda edición.
264 1 _aBuenos Aires :
_bACES,
_c1972.
300 _a168 páginas :
_bilustraciones ;
_c17 centímetros
336 _atext
_btxt
_2rdacontent
337 _aunmediated
_bn
_2rdamedia
338 _avolume
_bnc
_2rdacarrier
505 0 _aLa elevada vocación del maestro cristiano -- Cómo alcanzar el éxito en la enseñanza -- De qué manera se aprende -- La preparación dele maestro -- Ahora ud. está enseñando.
526 _aSEG42
526 _aSEG41
526 _aSEG40
526 _aSEG39
526 _aP94
526 _aP87
526 _aP86
526 _aP85
526 _aP77
526 _aP76
526 _aP35
650 1 _aEducación RELIGIOSA.
942 _2ddc
_cBOOK
949 _a268.6 W58
_i69824
_lCCODEBUL1
_mBUL
_tLIBRO
_o.STAFF. Colección General
910 _aaj-mt
_clch
596 _a1
999 _a268.6 W58
_wDEWEY
_c6176
_i69824
_d6176
_e2019-9-26
_f2021-11-10
_g5
_lCCODEBUL1
_mBUL
_n5
_p15.00
_q3
_r0
_sY
_tBOOK
_u2015-7-30
_xTEOLOGIA
_PP35
_o.STAFF. Colección Teología
980 _81
_gALBERTO SANCHEZ Responsable de Automatización